Movies Quiz

Random Movies or Star Wars Quiz

Star Wars Character by Clone Wars Picture Quiz Stats

 Plays Quiz not verified by Sporcle

Challenge
Share
Tweet
Score 0/24 Timer 06:00
1 Play Today
% Correct
Yoda
98.6%
Chewbacca
98.3%
Anakin Skywalker
94.4%
R2-D2
93.3%
C-3PO
90.5%
Jar Jar Binks
90.3%
Darth Maul
90.1%
Obi-Wan Kenobi
89.6%
Mace Windu
88.9%
Chancellor Palpatine
87.4%
Padmé Amidala
87.3%
Count Dooku
85.1%
% Correct
General Grievous
83.1%
Qui-Gon Jinn
82.9%
Boba Fett
79.1%
Bail Organa
79%
Grand Moff Tarkin
76.6%
Plo Koon
71.8%
Kit Fisto
70.1%
Jabba the Hutt
66.1%
Nute Gunray
66%
Ki-Adi-Mundi
64.9%
Bossk
63.8%
Dengar
43.1%

You're not logged in!

Compare scores with friends on all Sporcle quizzes.
Join for Free
OR
Log In

You Might Also Like...

Show Comments

Extras

Curator's Pick Mar 9, 2014ReportNominate
Tags:Star Wars Quiz, character, clone, Clone Wars

Top Quizzes Today


Score Distribution

Your Account Isn't Verified!

In order to create a playlist on Sporcle, you need to verify the email address you used during registration. Go to your Sporcle Settings to finish the process.

Report this User

Report this user for behavior that violates our Community Guidelines.

Details: